000 00566cam a22001931 4500
001 tmp90000073
003 DLC
005 20260227112753.0
008 910109s1903 cau 000 0 eng
010 _atmp90000073
040 _aDLC
_cDLC
_dDLC
050 0 0 _aHG3751.75
_b.S26 1903
110 2 _aAbbott Collection Agency.
245 0 0 _aReference book ... [for Santa Clara County, California, 1903-4]
260 _aSan Jose, Cal.
_c[1903]
300 _a169 p.
_c14 cm.
650 0 _aCredit ratings
_zCalifornia
_zSan Jose.
651 0 _aSan Jose (Calif.)
_vGenealogy.
999 _c91016
_d91016